000 00315nam a2200145Ia 4500
003 OSt
005 20240309113205.0
008 170524s9999 xx 000 0 und d
020 _aNIL
040 _cIIMTU MEERUT
100 _aGARG- NANDAN
245 0 _aUTPADAN PRAKRAM
260 _bBHARAT BHARTI
942 _2ddc
_c02
999 _c7724
_d7724